000 01052nam a2200229Ii 4500
003 JO-AjNU
008 230605s9999||||xx |||||||||||||| ||und||
017 _a2009/6/2962
020 _a978-9957-32-464-3
040 _aJO-AjNU
_bara
_erda
_cJO-AjNU
041 _aara
050 1 4 _aHD69.C6.H55.2010
100 3 _aالحميري،باسم,
_eauthor
_931652
245 0 0 _aالاستشارات الادارية:الاستشارات،حاجات الزبون للاستشاري،بدايات المهمة الاستشارية،مراحل العملية الاستشارية،الاتصال الفعال بالزبون،تطوير قابليات الاستشاري،معوقات العمل الاستشاري،الاستشاري الداخلي
250 _aط1
264 3 1 _aعمان:دار الحامد للنشر والتوزيع،2010
300 _a197ص
336 _atext
_btxt
_2rdacontent
337 _aunmediated
_bn
_2rdamedia
338 _avolume
_bnc
_2rdacarrier
650 4 _aادارة الاعمال-الادارة النقدية
_931653
999 _aA12683
_c16251
_d16251